|
|
|
|
| LEADER |
01704nam a2200433Ia 4500 |
| 001 |
EBC3018850 |
| 003 |
MiAaPQ |
| 005 |
20200520144314.0 |
| 006 |
m o d | |
| 007 |
cr cn||||||||| |
| 008 |
090317s2010 nyuab sb 001 0 eng d |
| 010 |
|
|
|z 2009011431
|
| 020 |
|
|
|z 9781611225624
|
| 020 |
|
|
|z 9781607413486 (hardcover)
|
| 020 |
|
|
|z 1607413485 (hardcover)
|
| 035 |
|
|
|a (MiAaPQ)EBC3018850
|
| 035 |
|
|
|a (Au-PeEL)EBL3018850
|
| 035 |
|
|
|a (CaPaEBR)ebr10661789
|
| 035 |
|
|
|a (OCoLC)669510651
|
| 040 |
|
|
|a MiAaPQ
|c MiAaPQ
|d MiAaPQ
|
| 050 |
|
4 |
|a JQ628.A58
|b N464 2010
|
| 082 |
0 |
4 |
|a 954.96
|2 22
|
| 245 |
0 |
0 |
|a Nepal in the 21st century
|h [electronic resource] /
|c Surendra R. Devkota, editor ; [contributors, Keshav Bhattarai ... et al.].
|
| 246 |
3 |
|
|a Nepal in the twenty-first century
|
| 260 |
|
|
|a New York :
|b Nova Science Publishers,
|c c2010.
|
| 300 |
|
|
|a vi, 321 p. :
|b ill. (some col.), maps (some col.).
|
| 490 |
1 |
|
|a Global political studies series
|
| 504 |
|
|
|a Includes bibliographical references and index.
|
| 533 |
|
|
|a Electronic reproduction. Ann Arbor, MI : ProQuest, 2015. Available via World Wide Web. Access may be limited to ProQuest affiliated libraries.
|
| 650 |
|
0 |
|a Economic development
|z Nepal.
|
| 651 |
|
0 |
|a Nepal
|x Politics and government
|y 21st century.
|
| 651 |
|
0 |
|a Nepal
|x Economic conditions
|y 21st century.
|
| 651 |
|
0 |
|a Nepal
|x Social conditions
|y 21st century.
|
| 655 |
|
4 |
|a Electronic books.
|
| 700 |
1 |
|
|a Devkota, Surendra R.
|
| 700 |
1 |
|
|a Bhattarai, Keshav,
|d 1955-
|
| 710 |
2 |
|
|a ProQuest (Firm)
|
| 830 |
|
0 |
|a Global political studies series.
|
| 856 |
4 |
0 |
|u https://ebookcentral.proquest.com/lib/matrademy/detail.action?docID=3018850
|z Click to View
|